01279nam a22003377a 4500003000500000005001700005008004100022010001000063011001000073020001500083035001100098040000900109082001900118110008600137245012900223260003200352300003700384590004100421590004100462590004100503590004200544650003100586650002800617650002300645901000700668911001500675942001000690949007800700999001700778952014600795CHAP20220817044341.0100531d2008 mx a r 00010 spa d a98553 a99525 a9264475830 a110211 cCHAP14a338.9021bOc191 aOrganización para la Cooperación y el Desarrollo Económicos. París98355910aOCDE en cifras:bEstadisticas de los paises miembrosc/por Organización Para la Cooperación y el Desarrollo Económicos aParis, Fra.. :bOCDE,c2008 a95 p. :bilus.cuadros gráficas aBATCH-UPDb10c20130110lUCH01h0959 aBATCH-UPDb10c20130410lUCH01h0611 aBATCH-UPDb10c20130914lUCH01h0821 aCONVERSIONb10c20130109lUCH01h135414aCambio estructural.91778414aDesarrollo económico.14aDesarrollo social. aBK aen proceso cLIBRO a338.9021 Oc19bBCcLIBROd33724002166801eLIBROgI.c/eh112655i110211sb c98553d98553 00102ddc4052708GRALaBCbBCcPA_GRALd2019-12-31eI.c/efLIBROl0o338.9021 Oc19p33724002166801r2019-12-31 00:00:00w2019-12-31yLIBRO